• 首页
  • 本馆介绍
  • 公告通知
  • 最新文献
  • 馆藏检索
  • 电子资源
  • 读者导购
  • 参考咨询
  • 我的图书馆
  • 登录
  • 详细信息显示
  • 放入我的书架
  • 预约/预借图书
  • 作者相关作品
  • 分类相关作品
  • 丛书相关作品
  • 出版社相关作品

书目信息

  • 表格格式
  • 工作单格式
  • 卡片格式
题名:
现代酶工程
    
 
作者: 梅乐和 , 岑沛霖 主编
分册:  
出版信息: 北京   化学工业出版社  2006
页数: 239页
开本: 26cm
丛书名:
单 册:
中图分类: Q814
科图分类:
主题词: 酶--生物工程--高等学校--教材 , 酶 , 生物工程
电子资源:
ISBN: 7-5025-8032-8
000 00956nam0 2200277 450
001 012007649015
005 20070525153121.03
010    @a7-5025-8032-8@dCNY28.00
100    @a20060424d2006 km y0chiy0120 ea
101 0  @achi
102    @aCN@b110000
105    @aa z 000yy
106    @ar
200 1  @a现代酶工程@Axian dai mei gong cheng@f梅乐和,岑沛霖主编@Fmei yue he,cen pei lin zhu bian
210    @a北京@c化学工业出版社@d2006
215    @a239页@c图@d26cm
300    @a高等学校教材浙江省高等院校重点教材
330    @a本书阐述了酶的固定化技术和应用、酶的化学修饰和生物改造的原理和应用、酶工程的新进展,着重介绍了核酶、抗体酶、模拟酶以及非水介质中的酶催化反应,最后介绍了酶工程的应用。
606 0  @a酶@x生物工程@x高等学校@j教材
606 0  @a酶
606 0  @a生物工程
690    @aQ814@v4
701  0 @a梅乐和@Amei yue he@4主编
701  0 @a岑沛霖@Acen pei lin@f(1945.8~)@4主编
801  0 @aCN@bRULIN@c20070525
905    @dQ814@e106@s8
    
    现代酶工程/梅乐和,岑沛霖主编.-北京:化学工业出版社,2006
    239页:图;26cm
    高等学校教材浙江省高等院校重点教材
    
    ISBN 7-5025-8032-8:CNY28.00
    本书阐述了酶的固定化技术和应用、酶的化学修饰和生物改造的原理和应用、酶工程的新进展,着重介绍了核酶、抗体酶、模拟酶以及非水介质中的酶催化反应,最后介绍了酶工程的应用。
●
相关链接 在E读中查询图书 在五车中查询图书 在当当中查询图书 在豆瓣中查询图书


正题名:现代酶工程     索取号:Q814/106         预约/预借

序号 登录号 条形码 馆藏地/架位号 状态 备注
1 0580659   205806591   第二样本阅览室/ [索取号:Q814/106] 在馆    
2 0580660   205806608   第三借阅区/ [索取号:Q814/106] 在馆    
3 0580661   205806617   第三借阅区/ [索取号:Q814/106] 在馆    
4 0580662   205806626   第三借阅区/ [索取号:Q814/106] 在馆    
5 0580663   205806635   第三借阅区/ [索取号:Q814/106] 在馆    
6 0580664   205806644   第三借阅区/ [索取号:Q814/106] 在馆    
7 0580665   205806653   第三借阅区/ [索取号:Q814/106] 在馆    
8 0580666   205806662   第三借阅区/ [索取号:Q814/106] 在馆    
唐山师范学院图书馆 欢迎您!
大连网信软件有限公司© 版权所有